097_ Personnalités nées un 7 avril par images - Statistiques

Statistiques générales
  • Ce quiz a été pris 43 fois
  • Le résultat moyen est 5 sur 12
Statistiques - réponses
Par images Hint Réponse % Correct
Judoka Teddy Riner
100%
Footballeur Franck Ribéry
95%
Acteur Jackie Chan
95%
Politicien Jean-Louis Borloo
46%
Militant Yvan Colonna
31%
Chanteur Axel Bauer
28%
Actrice Jackie Sardou
28%
Producteur Francis Ford Coppola
21%
Athlète Colette Besson
15%
Chanteuse Michèle Torr
15%
Escrimeur Edoardo Mangiarotti
0%
Homme d'affaires Yves Rocher
0%
Aucun quiz correspondant
Distribution des résultats
% des personnes avec chaque résultat
Percentile par nombre de réponses
Votre historique - résultats
Vous n’avez pas pris ce quiz